Songs From Broadway Musicals #1 - Statistics

General Stats
  • This quiz has been taken 56,897 times
    36,204 since last reset
  • The average score is 13 of 20
Answer Stats
Song Musical % Correct
Hakuna Matata Lion King
96%
Supercalifragilisticexpialidocious Mary Poppins
96%
Somewhere Over the Rainbow Wizard of Oz
89%
Hard Knock Life Annie
88%
My Favorite Things The Sound of Music
85%
Defying Gravity Wicked
83%
All That Jazz Chicago
76%
The Music of the Night Phantom of the Opera
71%
Good Morning Baltimore Hairspray
70%
Cabinet Battle #1 Hamilton
68%
Seasons of Love Rent
64%
Thank You For The Music Mamma Mia!
56%
Matchmaker, Matchmaker Fiddler on the Roof
49%
Joseph Smith American Moses The Book of Mormon
47%
Oh What A Beautiful Mornin' Oklahoma
45%
Seize the Day Newsies
40%
Luck be a Lady Guys and Dolls
36%
And I Am Telling You I'm Not Going Dreamgirls
34%
On the Street Where You Live My Fair Lady
32%
Oh The Thinks You Can Think! Seussical
30%
No matching quizzes found
Score Distribution
Percent of People with Each Score
Percentile by Number Answered
Your Score History
You have not taken this quiz since the last reset